00883nam a2200193 a 450000100100000000500170001000800410002704000250006808200180009310000290011124501860014026000340032630000210036050000730038165100440045465100460049870000890054471000560063300003522220200930074203.0111026s1966 ag 000 0 spa d aDO-SdBNPbspacBNPHU a320.98bG463i1 aGil, Federico Guillermo,10aInstituciones y desarrollo político de América Latina /cFederico G. Gil ; con un estudio de Gustavo Lagos sobre "Factores externos e internos en la política latinoamericana". aBuenos Aires :bINTAL,c1966. a201 p. ;c23 cm. aIncluye referencias bibliográficas y notas al pie de las páginas 4aAmérica LatinaxPolítica Y Gobierno 4aAmérica LatinaxHistoria Constitucional12aLagos Matus, Gustavo.tFactores externos e internos en la política latinoamericana12aInstituto para la integración de América Latina